000 00341nam a2200133Ia 4500
008 191014s9999 xx 000 0 und d
020 _a0-486-65676-4
082 _a514
_bHOC
100 _aJohn G. Hocking and Gail S. Young
_920392
245 0 _aTopology
260 _aUSA
_bDover Publications INC.
_c1988
300 _aIx,374
942 _cBK
999 _c530972
_d530972